000 00658cam a22002293a 4500
001 17373
003 PGUSA
005 20140828083354.0
008 051222s2005||||xxu|||||s|||||000 | eng d
040 _aPGUSA
_beng
042 _adc
050 4 _aN
100 1 _aHurll, Estelle M.
_q(Estelle May),
_d1863-1924
245 1 4 _aThe Madonna in Art
_h[electronic resource] /
_cEstelle M. Hurll
260 _bProject Gutenberg,
_c2005
506 _aPublic domain in the USA.
516 _aElectronic text
653 _aMary, Blessed Virgin, Saint -- Art
830 0 _aProject Gutenberg
_v17373
856 4 0 _uhttp://www.gutenberg.org/ebooks/17373
942 _cEB
999 _c246628
_d246628